• 首页
  • 本馆介绍
  • 公告通知
  • 最新文献
  • 馆藏检索
  • 电子资源
  • 读者导购
  • 参考咨询
  • 我的图书馆
  • 登录
  • 详细信息显示
  • 放入我的书架
  • 预约/预借图书
  • 作者相关作品
  • 分类相关作品
  • 丛书相关作品
  • 出版社相关作品

书目信息

  • 表格格式
  • 工作单格式
  • 卡片格式
书名: Times dictionary of problem words
作者:
分册号:
分册名:
出版地: Singapore :
 
出版社: Federal Pub
出版时间: 1988.
页数: 236 p. ;
开本: 17 cm.
丛书名:
中图分类号:
科图分类号:
其他分类号: H313-61
主题词:
电子资源:
000 00532nam 2200193 a 4500
001 E0731611073
005 20070228085230.48
008 001 0 eng
008 uu
040    @aNLC
049    @aN5LA
090    @aH313-61
099    @dH313-61@ex38
245 00 @aTimes dictionary of problem words
260    @aSingapore :@bFederal Pub.,@c1988.
300    @a236 p. ;@c17 cm.
500    @aRep. 1991.
700 1  @aJenkins, George, @ecomp. @b00 @c20020930 @lNLC09 @h2243 @lNLC09 @h2209 @lNLC09 @h1800
852 9  @bGJSS @k2G-96 @hH316 @iT581
    
    Times dictionary of problem words.-Singapore : : Federal Pub., , 1988.
    236 p. ; ; 17 cm.
    Rep. 1991.
    
    ISBN
    
●
相关链接 在E读中查询图书 在五车中查询图书 在当当中查询图书 在豆瓣中查询图书


正题名:Times dictionary of problem words     索取号:H313-61/x38         预约/预借

序号 登录号 条形码 馆藏地/架位号 状态 备注
1 183915   001300416   第二样本阅览室/ [索取号:H313-61/x38] 在馆    
2 183916   001300434   第四借阅区/ [索取号:H313-61/x38] 在馆    
3 183917   001300425   第四借阅区/ [索取号:H313-61/x38] 在馆    
唐山师范学院图书馆 欢迎您!
大连网信软件有限公司© 版权所有